Central Library OPAC University of Rajshahi

Malaria and agriculture in Bengal : (Record no. 70897)

MARC details
000 -LEADER
fixed length control field 00871nam a2200253 a 4500
001 - CONTROL NUMBER
control field 70897
003 - CONTROL NUMBER IDENTIFIER
rucl marc code BD-RJUL
005 - DATE AND TIME OF LATEST TRANSACTION
control field 20211209082042.0
008 - FIXED-LENGTH DATA ELEMENTS--GENERAL INFORMATION
fixed length control field 170422s1925 ii a o000 0 eng d
035 ## - SYSTEM CONTROL NUMBER
System control number (BD-RJUL)71111
040 ## - CATALOGING SOURCE
Original cataloging agency DNLM
Transcribing agency DNLM
Modifying agency BD-RJUL
Language of cataloging eng
041 ## - LANGUAGE CODE
Language code of text/sound track or separate title eng
060 0# - NATIONAL LIBRARY OF MEDICINE CALL NUMBER
Classification number EE531
082 ## - DEWEY DECIMAL CLASSIFICATION NUMBER
Edition number 23
Classification number 616.93
Author mark and year BEM
100 10 - MAIN ENTRY--PERSONAL NAME
Personal name Bentley, Charles A.
9 (RLIN) 209817
245 10 - TITLE STATEMENT
Title Malaria and agriculture in Bengal :
Remainder of title how to reduce malaria in Bengal by irrigation /
Statement of responsibility, etc. by Chas. A. Bentley ; Government of Bengal, Public Health Department.
260 0# - PUBLICATION, DISTRIBUTION, ETC. (IMPRINT)
Place of publication, distribution, etc. Calcutta :
Name of publisher, distributor, etc. Bengal Secretariat Book Depot,
Date of publication, distribution, etc. 1925.
300 ## - PHYSICAL DESCRIPTION
Pagination 187 P. :
Illustrations ill. ;
Size 25 cm.
500 ## - GENERAL NOTE
General note Limited cataloging.
650 #2 - SUBJECT ADDED ENTRY--TOPICAL TERM
Topical term or geographic name as entry element Malaria
General subdivision prevention & control
Geographic subdivision India.
9 (RLIN) 209818
Topical term or geographic name as entry element Malaria
General subdivision Prevention.
9 (RLIN) 209819
710 1# - ADDED ENTRY--CORPORATE NAME
Corporate name or jurisdiction name as entry element Bengal.
Subordinate unit Public Health Department.
9 (RLIN) 209820
942 ## - ADDED ENTRY ELEMENTS (KOHA)
Source of classification or shelving scheme Dewey Decimal Classification
Koha item type Books
Holdings
Lost status Source of classification or shelving scheme Damaged status Not for loan Collection code Permanent Location Current Location Shelving location Date acquired Source of acquisition Total Checkouts Full call number Date last seen Copy number Koha item type
  Dewey Decimal Classification   Not For Loan Non-fiction Central Library, University of Rajshahi Central Library, University of Rajshahi Reading Room 14/01/1963 A.G.Qurashi   616.93 BEM 1925 22/04/2017 C-1 Books